| Поле | Название | Значение |
| |
Тип записи |
i |
| |
Библиографический уровень |
m |
| 001 |
Контрольный номер |
RU/ГПНТБ России/KNIGADB/84(2Рос=Рус)6/П 31-237254061 |
| 005 |
Дата корректировки |
20230112125155.2 |
| 010 |
Индекс ISBN |
__ |
| a |
ISBN |
978-5-9677-2789-4 |
| b |
Уточнения |
в кор. |
| d |
Цена |
245-70; 201-00 |
| 100 |
Данные общей обработки |
__ |
| a |
Данные общей обработки |
20201215d2018 m y0rusy028902 ca |
| 101 |
Язык документа |
0_ |
| a |
Язык текста |
rus |
| 102 |
Страна публикации |
__ |
| a |
Страна публикации |
RU |
| 105 |
Кодированные данные (монография) |
__ |
| a |
Кодированные данные (монография) |
|
| 106 |
Кодированные данные (форма документа) |
__ |
| a |
Кодированные данные для формы документа (Обозначение носителя) |
s |
| 125 |
Кодированные данные звукозаписи и нотных изданий |
__ |
| a |
Форма изложения нотного текста |
|
| b |
Определитель литературного текста |
с |
| 126 |
Кодированные данные (звукозаписи-физические характеристики) |
__ |
| a |
Кодированные данные звукозаписи (общие) |
agbаhхх cd |
| 127 |
Кодированные данные (звукозаписи-физические характеристики) |
__ |
| a |
Продолжительность проигрывания |
1226## |
| 135 |
Кодированные данные (электронные ресурсы) |
__ |
| a |
Кодированные данные (электронные ресурсы) |
hongannnauuuu |
| 139 |
Кодированные данные (электронные ресурсы) |
__ |
| a |
Кодированные данные (электронные ресурсы) |
сaz |
| 181 |
Поле кодированных данных: вид содержания |
_0 |
| a |
Код вида содержания (ISBD) |
h |
| 182 |
Поле кодированных данных: тип средства |
_0 |
| a |
Код типа средства (ISBD) |
a |
| 200 |
Заглавие и сведения об ответственности |
1_ |
| a |
Заглавие |
Тень ингениума |
| e |
Сведения, относящиеся к заглавию |
[аудиокнига] |
| f |
Первые сведения об ответственности |
Алексей Пехов ; исполняет Максим Зингаев ; звукорежиссер Антон Овчинников ; продюсер Константин Барышев |
| 203 |
Вид содержания и тип средства |
__ |
| a |
Вид содержания |
Устная речь |
| c |
Тип средства |
аудио |
| 210 |
Выходные данные |
1_ |
| a |
Место издания |
Москва |
| c |
Издательство |
1С-Паблишинг |
| d |
Дата издания |
2018 |
| 215 |
Физическое описание |
__ |
| a |
Объем |
1 электрон. опт. диск (CD-ROM) (12 ч 26 мин) |
| d |
Формат |
12 см |
| c |
Иллюстрации/тип воспроизводства |
зв. |
| 225 |
Серия |
2_ |
| a |
Серия |
1С: Аудиокниги |
| 225 |
Серия |
2_ |
| a |
Серия |
Фэнтези |
| 300 |
Общие примечания |
__ |
| a |
Общие примечания |
Заглавие с этикетки диска |
| 300 |
Общие примечания |
__ |
| a |
Общие примечания |
Данные в формате MP3 |
| 300 |
Общие примечания |
__ |
| a |
Общие примечания |
2-я книга дилогии, продолжение романа "Созерцатель" |
| 330 |
Аннотация |
__ |
| a |
Аннотация |
Алексей Пехов - известный российский писатель-фантаст, член Союза писателей России. "Тень ингениума" - вторая книга дилогии автора, продолжающая роман "Созерцатель". Ингениум - новое будущее человечества. Он появился на волне индустриального прорыва - мотории, его боготворят романтики, за ним следят политики, его желают использовать дельцы и военные. Все ждут от ингениума чудес, забывая о том, что у него есть обратная сторона - тень, приводящая своего владельца к безумию и смерти. Итан Шелби, оказавшийся в Риерте - городе каналов и мостов, стал невольным участником событий, в которых ингениум и его тайны играют не последнюю роль. |
| 333 |
Примечание о целевом назначении |
__ |
| a |
Примечание о целевом назначении |
16+. Для детей старше 16 лет |
| 337 |
Примечание о системных требованиях (электронные ресурсы) |
__ |
| a |
Примечание о системных требованиях (электронные ресурсы) |
Системные требования : MS Windows 95/98/2000/XP/Vista/7/8/10 ; Pentium 100 ; ОЗУ 16 Мб ; монитор SVGA, 800x600 ; устройство чтения CD/DVD-ROM ; звуковая карта ; колонки или наушники ; мышь ; музыкальный центр ; CD/DVD-плеер, планшет, смартфон и прочие устройства |
| 517 |
Другие варианты заглавия |
1_ |
| a |
Другие варианты заглавия |
Созерцатель |
| 606 |
Тематические рубрики |
__ |
| a |
Основная рубрика |
Художественная литература |
| 2 |
Код системы |
nlr_sh |
| 606 |
Тематические рубрики |
__ |
| a |
Основная рубрика |
Современная русская литература (произведения) |
| 2 |
Код системы |
nlr_sh |
| 610 |
Ключевые слова |
0_ |
| a |
Ключевые слова |
романы |
| a |
Ключевые слова |
аудиокниги |
| 610 |
Ключевые слова |
0_ |
| a |
Ключевые слова |
фантастические романы |
| 610 |
Ключевые слова |
0_ |
| a |
Ключевые слова |
фантастика |
| 610 |
Ключевые слова |
0_ |
| a |
Ключевые слова |
фантастическая литература |
| 610 |
Ключевые слова |
0_ |
| a |
Ключевые слова |
приключения |
| 610 |
Ключевые слова |
0_ |
| a |
Ключевые слова |
проза |
| 610 |
Ключевые слова |
0_ |
| a |
Ключевые слова |
современная проза |
| 610 |
Ключевые слова |
0_ |
| a |
Ключевые слова |
тема будущего |
| 610 |
Ключевые слова |
0_ |
| a |
Ключевые слова |
будущее |
| 610 |
Ключевые слова |
0_ |
| a |
Ключевые слова |
роботы |
| 610 |
Ключевые слова |
0_ |
| a |
Ключевые слова |
тема человечества |
| 686 |
Индексы других классификаций |
__ |
| 2 |
Код системы |
rubbks |
| a |
Классификационный индекс |
84(2=411.2)6-445я04; ст84(2=411.2)6-445я0 |
| 700 |
Автор |
_1 |
| a |
Фамилия |
Пехов |
| b |
Имя |
А. Ю. |
| g |
Полное личное имя |
Алексей Юрьевич |
| f |
Даты |
1978- |
| 4 |
Код отношения |
070 |
| 702 |
Вторичная интеллектуальная ответственность |
_1 |
| a |
Фамилия |
Зингаев |
| b |
Имя |
М. |
| g |
Полное личное имя |
Максим |
| 4 |
Код отношения |
590 |
| 702 |
Вторичная интеллектуальная ответственность |
_1 |
| a |
Фамилия |
Овчинников |
| b |
Имя |
А. |
| g |
Полное личное имя |
Антон |
| 4 |
Код отношения |
300 |
| 702 |
Вторичная интеллектуальная ответственность |
_1 |
| a |
Фамилия |
Барышев |
| b |
Имя |
К. |
| g |
Полное личное имя |
Константин |
| 4 |
Код отношения |
665 |
| 801 |
Источник записи |
_0 |
| b |
Организация |
ГПНТБ России |
| a |
Страна |
RU |
| c |
Дата составления |
20201215 |
| g |
Правила каталогизации |
PSBO |
| 801 |
Источник записи |
_1 |
| b |
Организация |
ГПНТБ России |
| a |
Страна |
RU |
| c |
Дата составления |
20201215 |
| g |
Правила каталогизации |
PSBO |
| 852 |
Данные о местонахождении |
5_ |
| j |
Шифр хранения |
84(2=411.2)6-445я04 |
| i |
Авторский знак |
П 31 |
| 900 |
Макрообъекты |
__ |
| a |
Макрообъекты |
Тень ингениума, А. Пехов, 2018 г. (эл. ресурс) |
| 901 |
Тип документа |
__ |
| a |
Ответственный |
ООФиК/Волкова; КиК/Котельникова |
| t |
Тип документа |
0 |
| 903 |
Характеристики (МАРС) |
__ |
| a |
Дата передачи |
20221025; 20210203 |
| c |
Наименование библиотеки (МАРС) |
Муниципальное бюджетное учреждение культуры "Централизованная библиотечная система" г. Сургут (Центральная городская библиотека им. А. С. Пушкина) |
| 969 |
Тип издания |
__ |
| a |
Тип издания |
аудиокнига |
| a |
Тип издания |
издание для слепых |
| 990 |
Данные о заказе (DOS) |
__ |
| j |
Количество экземпляров (DOS) |
3; 3 |
| t |
N записи в КСУ для И/У (DOS) |
202211; 202102 |